000 00674cam a22002293a 4500
001 14291
003 PGUSA
005 20140828083315.0
008 041207s2004||||xxu|||||s|||||000 | eng d
040 _aPGUSA
_beng
042 _adc
050 4 _aG
100 1 _aJacobs, Joseph,
_d1854-1916
245 1 4 _aThe Story of Geographical Discovery :
_bHow the World Became Known
_h[electronic resource] /
_cJoseph Jacobs
260 _bProject Gutenberg,
_c2004
506 _aPublic domain in the USA.
516 _aElectronic text
653 _aDiscoveries in geography
830 0 _aProject Gutenberg
_v14291
856 4 0 _uhttp://www.gutenberg.org/ebooks/14291
942 _cEB
999 _c243546
_d243546